Welcome to CU Library Online Public Access Catalogue (OPAC)

Read, reason, write / (Record no. 9412)

MARC details
000 -LEADER
fixed length control field 00715cam a2200241 a 4500
001 - CONTROL NUMBER
control field 3086270
005 - DATE AND TIME OF LATEST TRANSACTION
control field 20260422112701.0
008 - FIXED-LENGTH DATA ELEMENTS--GENERAL INFORMATION
fixed length control field 980204s1999 maua b 001 0 eng
020 ## - INTERNATIONAL STANDARD BOOK NUMBER
International Standard Book Number 0070122970
Qualifying information acid-free paper
020 ## - INTERNATIONAL STANDARD BOOK NUMBER
International Standard Book Number 9780070122970
Qualifying information (acid-free paper)
050 00 - LIBRARY OF CONGRESS CALL NUMBER
Classification number PE1408
Item number .S464 1999
082 00 - DEWEY DECIMAL CLASSIFICATION NUMBER
Classification number 808/.0427
Edition information 21
100 1# - MAIN ENTRY--PERSONAL NAME
Personal name Seyler, Dorothy U.
245 10 - TITLE STATEMENT
Title Read, reason, write /
Statement of responsibility, etc. Dorothy U. Seyler.
250 ## - EDITION STATEMENT
Edition statement 5th ed.
260 ## - PUBLICATION, DISTRIBUTION, ETC.
Place of publication, distribution, etc. Boston :
Name of publisher, distributor, etc. McGraw-Hill College,
Date of publication, distribution, etc. c1999.
300 ## - PHYSICAL DESCRIPTION
Extent xvii, 583 p. :
Other physical details ill. ;
Dimensions 24 cm.
650 #0 - SUBJECT ADDED ENTRY--TOPICAL TERM
Topical term or geographic name entry element English language
General subdivision Rhetoric.
650 #0 - SUBJECT ADDED ENTRY--TOPICAL TERM
Topical term or geographic name entry element Persuasion (Rhetoric)
650 #0 - SUBJECT ADDED ENTRY--TOPICAL TERM
Topical term or geographic name entry element College readers.
650 #0 - SUBJECT ADDED ENTRY--TOPICAL TERM
Topical term or geographic name entry element Report writing.
942 ## - ADDED ENTRY ELEMENTS (KOHA)
Source of classification or shelving scheme Library of Congress Classification
Koha item type Books
Edition 5th Ed.
Suppress in OPAC No
999 ## -
-- 9412
-- 9412
Holdings
Withdrawn status Lost status Source of classification or shelving scheme Damaged status Not for loan Collection Home library Current library Shelving location Date acquired Total checkouts Full call number Barcode Date last seen Copy number Price effective from Koha item type
    Library of Congress Classification     Non-fiction Business Library (Miotso) Business Library (Miotso) General stacks 03/27/2026   PE1408 .S464 1999 BSSM00003416 04/22/2026 1 03/27/2026 Books
    Library of Congress Classification     Non-fiction Business Library (Miotso) Business Library (Miotso) General stacks 03/27/2026   PE1408 .S464 1999 BSSM00003417 04/22/2026 2 03/27/2026 Books
© 2023-2024 Copyright: Central University Libraries. All Rights Reserved | Created by: Mahone Tech Office